Student solutions manual for mathematics for the liberal arts

Bibliographic Details
Main Author: Christianson, Deann
Format: Section = Libro
Language:Undetermined
Spanish
Published: United States Thomson 1998
Subjects:
LEADER 00558nam a2200205Ia 4500
008 240829s9999 xx 000 0 und d
020 |a 0-534-76744-3 
040 |a BIBLIOTECA-RUSB/ 510 Ch555 
041 |a spa 
082 |a 510 Ch555 
100 1 |a Christianson, Deann 
245 1 0 |a Student solutions manual for mathematics for the liberal arts 
260 |a United States  |b Thomson  |c 1998 
300 |a 220 p. :il. 
650 7 |a MATEMATICAS 
650 7 |b  GEOMETRIA 
650 7 |c  LOGICA MATEMATICA. Werner, Elaine 
942 |c BK  |2 ddc 
991 |a TEXTO 
999 |c 1242